[Event "POL-ch U10"]
[Site "Sielpia"]
[Date "2023.03.06"]
[Round "4"]
[White "Szczepanik, Marcin"]
[Black "Palka, Kacper"]
[Result "0-1"]
[WhiteElo "1221"]
[BlackElo "1026"]
[PlyCount "124"]
[EventDate "2023.03.04"]
[EventType "swiss"]
[EventRounds "9"]
[EventCountry "POL"]
[SourceTitle "EXT 2024"]
[Source "ChessBase"]
[SourceDate "2023.10.10"]
[SourceVersion "1"]
[SourceVersionDate "2023.10.10"]
[SourceQuality "1"]
[WhiteTeam "Poland"]
[BlackTeam "Poland"]
[WhiteTeamCountry "POL"]
[BlackTeamCountry "POL"]

1. d4 d5 2. c4 e6 3. Nc3 Nf6 4. Bg5 Be7 5. e3 0-0 6. cxd5 Nxd5 7. Nxd5 exd5 8. Bxe7 Qxe7 9. Qb3 Nc6 10. Nf3 Qb4+ 11. Qc3 Qxc3+ 12. bxc3 Bf5 13. c4 Nb4 14. Kd2 dxc4 15. Bxc4 Rad8 16. Kc3 Nd5+ 17. Bxd5 Rxd5 18. Nd2 Rdd8 19. e4 Bg6 20. f3 f6 21. Nb3 b6 22. d5 Rc8 23. Nd4 Be8 24. Kd3 Bd7 25. Rac1 Rfd8 26. Ke3 Kf7 27. Nc6 Bxc6 28. Rxc6 Rd6 29. Rhc1 Rxc6 30. Rxc6 Ke7 31. Kd4 Kd7 32. f4 Re8 33. e5 fxe5+ 34. fxe5 Re7 35. e6+ Kc8 36. Ke5 Kb7 37. d6 cxd6+ 38. Kxd6 Rxe6+ 39. Kxe6 Kxc6 40. Kf7 b5 41. Kxg7 b4 42. Kxh7 a5 43. g4 a4 44. g5 b3 45. axb3 axb3 46. g6 b2 47. g7 b1Q+ 48. Kh8 Qb2 49. h4 Qe5 50. Kh7 Qh5+ 51. Kg8 Qxh4 52. Kf7 Qf4+ 53. Kg6 Qd6+ 54. Kh7 Qe7 55. Kg6 Qe8+ 56. Kh7 Qh5+ 57. Kg8 Kd6 58. Kf8 Qf5+ 59. Kg8 Kd7 60. Kh8 Qh3+ 61. Kg8 Qh5 62. Kf8 Qe8# 0-1

[Event "POL-ch U10"]
[Site "Jastrzebia Gora"]
[Date "2022.03.15"]
[Round "8"]
[White "Szczepanik, Marcin"]
[Black "Pawlicz, Filip"]
[Result "0-1"]
[WhiteElo "1134"]
[BlackElo "1280"]
[PlyCount "120"]
[EventDate "2022.03.08"]
[EventType "swiss"]
[EventRounds "9"]
[EventCountry "POL"]
[SourceTitle "EXT 2023"]
[Source "ChessBase"]
[SourceDate "2022.10.05"]
[SourceVersion "1"]
[SourceVersionDate "2022.10.05"]
[SourceQuality "1"]

1. d4 d5 2. c4 e6 3. Nc3 Nf6 4. Bg5 Nbd7 5. cxd5 exd5 6. Nf3 Be7 7. e3 0-0 8. Bd3 h6 9. Bh4 c6 10. Qc2 Re8 11. 0-0 Ne4 12. Bxe7 Qxe7 13. Rab1 Nd6 14. b4 b5 15. a4 a6 16. axb5 axb5 17. Ra1 Bb7 18. Nd2 Nb6 19. Nb3 Nbc4 20. Nc5 Reb8 21. h3 Bc8 22. Ra2 Ra7 23. Rfa1 Rba8 24. e4 Be6 25. Rxa7 Rxa7 26. Re1 Qg5 27. Kh1 g6 28. exd5 Bxd5 29. Nxd5 Qxd5 30. Qc3 Ra3 31. Nb3 Nb2 32. Bc2 Nbc4 33. Qg3 Kg7 34. Kh2 Qg5 35. Qf3 Qd5 36. Qf4 Qg5 37. Qxg5 hxg5 38. Nc5 Ra2 39. Re2 Na3 40. Bd3 Rxe2 41. Bxe2 Nc2 42. Bf3 Nxb4 43. Nb3 Nf5 44. g4 Ne7 45. Kg1 Kf6 46. Kf1 Ned5 47. Kg2 Ke7 48. Kg3 Kd6 49. h4 gxh4+ 50. Kxh4 f6 51. Be4 g5+ 52. Kh5 Na6 53. Kg6 c5 54. Bxd5 Kxd5 55. Kxf6 cxd4 56. f4 gxf4 57. g5 Nc7 58. g6 f3 59. Nd2 f2 60. Kf7 Ne6 0-1

[Event "POL-ch U10"]
[Site "Jastrzebia Gora"]
[Date "2021.??.??"]
[Round "5"]
[White "Szczepanik, Marcin"]
[Black "Pawlikowski, Wladyslaw"]
[Result "0-1"]
[WhiteElo "1076"]
[BlackElo "1145"]
[PlyCount "92"]
[EventDate "2021.02.28"]
[EventType "swiss"]
[EventRounds "9"]
[EventCountry "POL"]
[SourceTitle "EXT 2022"]
[Source "ChessBase"]
[SourceDate "2021.10.06"]
[SourceVersion "1"]
[SourceVersionDate "2021.10.06"]
[SourceQuality "1"]

1. d4 Nf6 2. c4 c5 3. d5 b5 4. cxb5 a6 5. b6 d6 6. Nc3 Qxb6 7. e4 g6 8. Bd3 Bg7 9. Nge2 Nbd7 10. Qc2 0-0 11. 0-0 Ne5 12. f4 c4+ 13. Rf2 Nxd3 14. Ng3 Ng4 15. Nd1 Bd4 16. Kf1 Ndxf2 17. Nxf2 Bxf2 18. f5 Bxg3 19. hxg3 Ne3+ 20. Bxe3 Qxe3 21. f6 Qd3+ 22. Qxd3 cxd3 23. fxe7 Re8 24. Ke1 Rxe7 25. Kd2 Rxe4 26. Kxd3 Bf5 27. Kc3 Re3+ 28. Kb4 Rb8+ 29. Kc4 Rxb2 30. g4 Bxg4 31. a4 a5 32. Kd4 Rbe2 33. Rc1 Rb3 34. Rc8+ Kg7 35. Rc7 Rb4+ 36. Kd3 Ree4 37. g3 Rbd4+ 38. Kc3 Rxd5 39. Rb7 Bc8 40. Ra7 Rxa4 41. g4 Rxg4 42. Kb3 Rh5 43. Rc7 Rh3+ 44. Rc3 Be6+ 45. Ka3 Rxc3+ 46. Kb2 Rh3 0-1